000 01403nam a22002417a 4500
999 _c60395
_d60395
003 Ge_BSU
005 20230711152518.0
008 230711s2018ge xxu||||| |||| 00| 0 geo d
020 _a9789941463723
041 _ageo
080 _a913(479.22)+008 გ-44
100 _aგვალია, ტარიელ, ავტორი.
_919240
245 _aგეოგრაფიული ფაქტორი და ქართული კულტურა :
_b[მონოგრაფია] /
_cტარიელ გვალია ; რედ: ბუბა კუდავა, ზურაბ ლაოშვილი.
250 _aმე-2, გადამუშავებული გამოცემა.
264 _aთბილისი :
_bარტანუჯი,
_c2018.
300 _a216, [32] გვ.:
_b ფოტ. ;
_c20 სმ.
504 _aბიბლიოგრ.: გვ. 212-215.
653 _aქართული კულტურა. საქართველოს გეოგრაფია.
700 _aკუდავა, ბუბა
_eრედაქტორი
_93540
700 _aლაოშვილი, ზურაბ
_eრედაქტორი
_910456
856 _uhttps://dspace.nplg.gov.ge/bitstream/1234/322496/1/GeografiuliFaqtoriDaQArtuliKultura.pdf
_ypdf (ელექტრონული ვერსია)
942 _2udc
_cBK